<?xml version="1.0" encoding="UTF-8"?>
<record
    xmlns:xsi="http://www.w3.org/2001/XMLSchema-instance"
    xsi:schemaLocation="http://www.loc.gov/MARC21/slim http://www.loc.gov/standards/marcxml/schema/MARC21slim.xsd"
    xmlns="http://www.loc.gov/MARC21/slim">

  <leader>00671nam a2200229 a 4500</leader>
  <controlfield tag="003">PILC</controlfield>
  <controlfield tag="005">20160205153445.0</controlfield>
  <controlfield tag="008">061128s19uu    xx            00    eng d</controlfield>
  <datafield tag="020" ind1=" " ind2=" ">
    <subfield code="a">981-265-786-x</subfield>
  </datafield>
  <datafield tag="050" ind1=" " ind2=" ">
    <subfield code="a">BF 311 </subfield>
    <subfield code="b">.St825 2006</subfield>
  </datafield>
  <datafield tag="100" ind1=" " ind2=" ">
    <subfield code="a">Sternberg, Robert J.</subfield>
  </datafield>
  <datafield tag="245" ind1=" " ind2=" ">
    <subfield code="a">Cognitive psychology /</subfield>
    <subfield code="c">Robert J. Stenberg.</subfield>
  </datafield>
  <datafield tag="250" ind1=" " ind2=" ">
    <subfield code="a">4th edition.</subfield>
  </datafield>
  <datafield tag="260" ind1=" " ind2=" ">
    <subfield code="a">Australia :</subfield>
    <subfield code="b">Thomson Wadsworth,</subfield>
    <subfield code="c">2006.</subfield>
  </datafield>
  <datafield tag="300" ind1=" " ind2=" ">
    <subfield code="a">595 pages :</subfield>
    <subfield code="b">23 cm.</subfield>
    <subfield code="c">illustrations (some color) ;</subfield>
  </datafield>
  <datafield tag="500" ind1=" " ind2=" ">
    <subfield code="a">Includes bibliographical references and indexes.</subfield>
  </datafield>
  <datafield tag="650" ind1=" " ind2=" ">
    <subfield code="a">Cognitive psychology.</subfield>
  </datafield>
  <datafield tag="700" ind1=" " ind2=" ">
    <subfield code="a">Mio, Jef.</subfield>
  </datafield>
  <datafield tag="942" ind1=" " ind2=" ">
    <subfield code="c">BK</subfield>
    <subfield code="2">lcc</subfield>
    <subfield code="k">FOR</subfield>
  </datafield>
  <datafield tag="999" ind1=" " ind2=" ">
    <subfield code="c">21806</subfield>
    <subfield code="d">21806</subfield>
  </datafield>
  <datafield tag="952" ind1=" " ind2=" ">
    <subfield code="0">0</subfield>
    <subfield code="1">0</subfield>
    <subfield code="2">lcc</subfield>
    <subfield code="4">0</subfield>
    <subfield code="a">CL</subfield>
    <subfield code="b">CL</subfield>
    <subfield code="c">GC</subfield>
    <subfield code="d">2006-11-28</subfield>
    <subfield code="l">3</subfield>
    <subfield code="m">19</subfield>
    <subfield code="o">BF 311  .St825 2006</subfield>
    <subfield code="p">C7962</subfield>
    <subfield code="q">2023-09-15</subfield>
    <subfield code="r">2023-09-08 00:00:00</subfield>
    <subfield code="s">2023-09-08</subfield>
    <subfield code="w">2014-03-10</subfield>
    <subfield code="y">BK</subfield>
  </datafield>
  <datafield tag="952" ind1=" " ind2=" ">
    <subfield code="0">0</subfield>
    <subfield code="1">0</subfield>
    <subfield code="2">lcc</subfield>
    <subfield code="4">0</subfield>
    <subfield code="a">CL</subfield>
    <subfield code="b">CL</subfield>
    <subfield code="c">GC</subfield>
    <subfield code="d">2014-01-10</subfield>
    <subfield code="e">DONATION</subfield>
    <subfield code="l">3</subfield>
    <subfield code="m">9</subfield>
    <subfield code="o">BF 311  .St825 2006</subfield>
    <subfield code="p">C7595</subfield>
    <subfield code="q">2019-11-11</subfield>
    <subfield code="r">2019-09-28 00:00:00</subfield>
    <subfield code="s">2019-09-28</subfield>
    <subfield code="t">2</subfield>
    <subfield code="w">2014-01-10</subfield>
    <subfield code="y">BK</subfield>
  </datafield>
</record>
